Central Library OPAC University of Rajshahi

Proceedings of the Symposium on Time Series Analysis, held at Brown University, June 11-14, 1962 / (Record no. 51964)

MARC details
000 -LEADER
fixed length control field 00903nam a2200253 a 4500
001 - CONTROL NUMBER
control field 51964
003 - CONTROL NUMBER IDENTIFIER
rucl marc code BD-RjUL
005 - DATE AND TIME OF LATEST TRANSACTION
control field 20211209075733.0
008 - FIXED-LENGTH DATA ELEMENTS--GENERAL INFORMATION
fixed length control field 160905s1963 nyua b 00010 eng
035 ## - SYSTEM CONTROL NUMBER
System control number (BD-RjUL)52084
040 ## - CATALOGING SOURCE
Original cataloging agency DLC/ICU
Transcribing agency ICU
Modifying agency CMfNASA
-- BD-RjUL
Language of cataloging eng
041 ## - LANGUAGE CODE
Language code of text/sound track or separate title eng
082 0# - DEWEY DECIMAL CLASSIFICATION NUMBER
Edition number 23
Classification number 519.55
Author mark and year PRO 1963
245 10 - TITLE STATEMENT
Title Proceedings of the Symposium on Time Series Analysis, held at Brown University, June 11-14, 1962 /
Statement of responsibility, etc. edited by Murray Rosenblatt.
260 0# - PUBLICATION, DISTRIBUTION, ETC. (IMPRINT)
Place of publication, distribution, etc. New York :
Name of publisher, distributor, etc. John Wiley & Sons,
Date of publication, distribution, etc. c1963.
300 ## - PHYSICAL DESCRIPTION
Pagination xiv, 497 p. :
Illustrations ill. ;
Size 27 cm.
490 ## - SERIES STATEMENT
Series statement The SIAM series in applied mathematics.
504 ## - BIBLIOGRAPHY, ETC. NOTE
Bibliography, etc Includes bibliographies.
650 #0 - SUBJECT ADDED ENTRY--TOPICAL TERM
Topical term or geographic name as entry element Time-series analysis
General subdivision Congresses.
9 (RLIN) 155404
Topical term or geographic name as entry element Conferences
Geographic subdivision Brown University.
9 (RLIN) 155405
700 10 - ADDED ENTRY--PERSONAL NAME
Personal name Rosenblatt, Murray.
830 #0 - SERIES ADDED ENTRY--UNIFORM TITLE
Uniform title The SIAM series in applied mathematics.
942 ## - ADDED ENTRY ELEMENTS (KOHA)
Source of classification or shelving scheme Dewey Decimal Classification
Koha item type Books
Holdings
Lost status Source of classification or shelving scheme Damaged status Not for loan Collection code Permanent Location Current Location Shelving location Date acquired Source of acquisition Cost, normal purchase price Total Checkouts Full call number Date last seen Copy number Koha item type
  Dewey Decimal Classification     Non-fiction Central Library, University of Rajshahi Central Library, University of Rajshahi   15/11/1963 Zeitlinger 125.00   519.55 PRO 1963 05/09/2016 C-2 Books